01015nam a22002531 450000100060000000300080000600500170001400800410003103500190007204000320009104100080012308200240013110000270015524500760018226000620025830000340032050400320035465000340038665000360042094200120045699900170046895201390048595201370062435937BD-RjUL20211209052415.0140611s1953 ncua b 000 0 eng d a(BD-RjUL)36034 aDLCcDLCdDLCdBD-RjULbeng aeng00a303.3222bHUC 19531 aHunter, Floyd.910939910aCommunity power structure ;ba study of decision makers /cFloyd Hunter aChapel Hill :bUniversity of North Carolina Press,c1953. axiv, 297 p. :bill. ;c21 cm. aBibliography: p. [273]-289. 0aCommunity leadership.9103830 0aPower (Social sciences)9109400 2ddccBK c35937d35937 00102ddc40718NFICaRUCLbRUCLcReadingd1965-09-25eZeitlingerg40.00l0o303.3 HUC 1953r2014-06-11 00:00:00tC-1w2021-12-09yBK 00102ddc40708NFICaRUCLbRUCLcStackd1965-09-25eZeitlingerg40.00l0o303.3 HUC 1953r2014-06-16 00:00:00tC-2w2014-06-16yBK